| Tag |
First Indicator |
Second Indicator |
Subfields |
| LEADER |
00000cam a2200000 4500 |
| 001 |
in00000027541 |
| 005 |
20151007062636.0 |
| 008 |
751203s1955 nyu 00000 eng |
| 010 |
|
|
|a 55014775
|
| 035 |
|
|
|a (OCoLC)01873277
|
| 035 |
|
|
|9 AAD5432AM
|
| 040 |
|
|
|a DLC
|c TNH
|d TXA
|d UtOrBLW
|
| 049 |
|
|
|a TXAM
|c [255107]
|
| 050 |
|
0 |
|a PS3505.O234
|b A6 1955
|
| 082 |
0 |
|
|a 811.5
|
| 092 |
|
|
|a 811
|b C675s
|
| 100 |
1 |
|
|a Coffin, Robert P. Tristram
|q (Robert Peter Tristram),
|d 1892-1955.
|
| 245 |
1 |
0 |
|a Selected poems.
|
| 264 |
|
1 |
|a New York :
|b Macmillan,
|c 1955.
|
| 300 |
|
|
|a 112 pages ;
|c 22 cm.
|
| 336 |
|
|
|a text
|b txt
|2 rdacontent
|
| 337 |
|
|
|a unmediated
|b n
|2 rdamedia
|
| 338 |
|
|
|a volume
|b nc
|2 rdacarrier
|
| 999 |
|
|
|a MARS
|
| 999 |
f |
f |
|s 1d87ee0c-64ef-303d-837b-9f34dfc44f75
|i 43883e1d-ab4a-3ec8-96fb-489f0e3bbd91
|t 0
|
| 952 |
f |
f |
|p ric
|a Texas A&M University
|b Rellis Campus
|c Joint Library Facility
|d Remote Storage
|t 0
|e PS3505.O234 A6 1955
|h Library of Congress classification
|i unmediated -- volume
|m A14801214277
|
| 998 |
f |
f |
|a PS3505.O234 A6 1955
|t 0
|l Remote Storage
|